Child Nutrition in Health and Illness/ (Record no. 1867)

MARC details
000 -LEADER
Fixed length control field 00667nam a22002297a 4500
003 - CONTROL NUMBER IDENTIFIER
Control field IIN
005 - DATE AND TIME OF LATEST TRANSACTION
Control field 20250722123910.0
008 - FIXED-LENGTH DATA ELEMENTS--GENERAL INFORMATION
Fixed length control field 250722s2024 |||ad||| |||| 001 0 eng d
020 ## - INTERNATIONAL STANDARD BOOK NUMBER / ISBN
International Standard Book Number 9788197007927
Price 550.00
040 ## - CATALOGING SOURCE
Original cataloging agency IIN
082 ## - DEWEY DECIMAL CLASSIFICATION NUMBER
Classification number 615.5
Book Number MAT
100 ## - MAIN ENTRY--PERSONAL NAME
Personal name Matthai, John
245 ## - TITLE STATEMENT
Title Child Nutrition in Health and Illness/
Statement of responsibility John Matthai, Naresh Shanmugan & Lekha Sreedharan
260 ## - IMPRINT
Place of publication Delhi
Name of publisher Paras Medical Books
Date of publication 2024
300 ## - PHYSICAL DESCRIPTION
Page / Vol. No viii, 194 p.
Other physical details ill.
500 ## - GENERAL NOTE
General note Includes Index
650 ## - SUBJECT ADDED ENTRY--TOPICAL TERM
Topical term Nutrition
Form subdivision Child Health
650 ## - SUBJECT ADDED ENTRY--TOPICAL TERM
Topical term Nutrition
Form subdivision Child Health
General subdivision Pediatric
700 ## - ADDED ENTRY--PERSONAL NAME
Personal name Shanmugam, Naresh
700 ## - ADDED ENTRY--PERSONAL NAME
Personal name Sreedharan, Lekha
942 ## - ADDED ENTRY ELEMENTS (KOHA)
Koha item type Books
Holdings
Withdrawn status Lost status Source of classification Damaged status Not for loan Collection code Home library Current library Shelving location Date acquired Price Total Checkouts Call number Accession number Date last seen Price effective from Koha item type
    Dewey Decimal Classification     Purches Book IDEAL INSTITUTE OF NURSING IDEAL INSTITUTE OF NURSING General Stacks 11/03/2025 550.00   615.5 MAT 2116 22/07/2025 22/07/2025 Books
© Ideal Institute Of Nursing, All rights reserved.         Powered by Koha